|
|
|
|
| LEADER |
00792nmm#a2200265#a#4500 |
| 001 |
000503 |
| 005 |
20160707145712.0 |
| 008 |
030218s2002####ag#########m########spa#d |
| 040 |
|
|
|a AR-BeUNQ
|
| 099 |
|
|
|a C/00-G14 [Solicitar en mostrador]
|
| 110 |
2 |
|
|a Grupo Editor
|
| 245 |
0 |
2 |
|a Dónde estudiar :
|b guía educativa /
|c Grupo Editor.
|
| 260 |
|
|
|a Buenos Aires :
|b Grupo Editor,
|c 2002
|
| 300 |
|
|
|a 1 CD-ROM
|
| 942 |
|
|
|c CD
|n 0
|
| 650 |
|
7 |
|a EDUCACION
|2 spines
|
| 650 |
|
7 |
|a CENTROS DOCENTES
|2 spines
|
| 650 |
|
7 |
|a DIRECTORIOS
|2 spines
|
| 650 |
|
7 |
|a MATERIALES DE REFERENCIA
|2 spines
|
| 650 |
|
7 |
|a GUIA
|2 toit
|
| 650 |
|
7 |
|a INSTITUTO DE FORMACION
|2 toit
|
| 651 |
|
7 |
|a ARGENTINA
|2 Spines
|
| 653 |
|
|
|a CD-DATA
|
| 929 |
|
|
|a COMPRA
|b Alberto Díaz
|d 15,00E
|e 20030211
|f patrimonio
|j 33073
|
| 999 |
|
|
|c 2803
|d 78190
|